000 00981nam a2200265 a 4500
001 BRL_523
005 20190320210801.0
008 270813s1994----mx-a#####c---#000-0#spa-#
020 _a968731821X
041 _aspa
044 _amx
050 4 _aNK5205.R4
_b.M49 1994
245 1 0 _aMéxico y la real fábrica de cristales de la granja.
260 _aMéxico
_bMuseo Franz Mayer
_c1994
300 _a116 p.
_bil.
_c27 cm.
500 _aCatálogo de la exposición realizada en el Museo Franz Mayer (Ciudad de México), 21 septiembre - 13 noviembre, 1994
500 _aAu559
610 2 4 _aReal Fábrica de Cristales de San Ildefonso
_vExposiciones
_924187
610 2 4 _aReal Fábrica de Cristales de San Ildefonso
_vExposiciones
_xInfluencia
_92888
650 1 4 _aVidrio cristalino
_vExposiciones
_zEspaña
_92889
650 1 4 _aVidrio cristalino
_vExposiciones
_zMéxico
_92890
710 2 _aMuseo Franz Mayer (Ciudad de México, México)
_924188
902 _aGRL
942 _2lcc
_cB
999 _c9335
_d9335